Géographie de l'Amérique du Sud par lettre - N - Statistiques

Statistiques générales
  • Ce quiz a été pris 73 fois
  • Le résultat moyen est 7 sur 20
Statistiques - réponses
Question Réponse % Correct
Langue officielle du Surinam Néerlandais
79%
Plusieurs pays d'Amérique du Sud ont abrité ces perdants de la seconde guerre mondiale qui s'y trouvaient ainsi à l'abri de la justice internationale Nazis
78%
Footballeur brésilien chèrement acquis par le PSG Neymar
70%
Activité économique illégale qui ronge plusieurs Etats sud-américains Narcotrafic
69%
Type de fruit dont la variété "du Brésil" se récolte directement en forêt. La déforestation a fait chuter la production au profit de la Bolivie et du Pérou {Noix} du Brésil
69%
Fleuve qui conflue à Manaus avec l'Amazone, son nom reflète la couleur de ses eaux Rio {Negro}
63%
Prénom de l'actuel dirigeant du Vénézuéla {Nicolas} Maduro
58%
Concernant l'industrie pétrolière, Chavez au Vénézuéla et Morales en Bolivie ont usé de ce procédé pour ramener la rente pétrolière à l'Etat Nationalisation
42%
Plante aquatique fréquente sur les plans d'eau amazoniens, représentée sur le blason de la Guyane Nénuphar
42%
Poète chilien, prix Nobel de littérature en 1971, mort en septembre 1973, probablement assassiné par les séides de Pinochet" Pablo Neruda
40%
Oiseau du genre Rhea incapable de voler (photo), qui court dans les pampas argentines Nandou
25%
Grande ville du sud du Pérou, mais aussi civilisation précolombienne dont les géoglyphes sont célèbres Nazca
25%
Région du Brésil, la moins industrialisée et la plus pauvre du Brésil, comprenant 9 Etats, dont l'Etat de Bahia, le Ceara et le Pernambouc Nordeste
21%
Capitale de l'Etat brésilien de Rio Grande do Norte Natal
15%
Architecte brésilien qui a conçu la ville de Brasilia Oscar Niemeyer
15%
Point culminant du Chili Nevado Ojos del Salado
3%
98% des réserves mondiales de cet élément (n°41), très utilisé notamment dans l'industrie de l'acier, sont localisées au Brésil Niobium
3%
Département de Colombie, au bord du Pacifique et frontalier de l'Equateur Nariño
0%
Province d'Argentine au nord-ouest de la Patagonie, contre la Cordillère des Andes Neuquen
0%
Point culminant de la Bolivie Nevado Sajama
0%
Aucun quiz correspondant
Distribution des résultats
% des personnes avec chaque résultat
Percentile par nombre de réponses
Votre historique - résultats
Vous n’avez pas pris ce quiz